Good products, bad products : (Record no. 70751)

MARC details
000 -LEADER
fixed length control field 01126nam a22002777a 4500
005 - DATE AND TIME OF LATEST TRANSACTION
control field 2012101008508.0
008 - FIXED-LENGTH DATA ELEMENTS--GENERAL INFORMATION
fixed length control field 121010t xxu||||| |||| 00| 0 eng d
010 ## - LCCN (DPL NO)
LC control number ENG-106055
020 ## - INTERNATIONAL STANDARD BOOK NUMBER
International Standard Book Number 9781259025808
Terms of availability 550.00
020 ## - INTERNATIONAL STANDARD BOOK NUMBER
International Standard Book Number 1259025802
Terms of availability 550.00
035 ## - SYSTEM CONTROL NUMBER
System control number EN-89588
037 ## - SOURCE OF ACQUISITION
Source of stock number/acquisition DBAD/PUB
040 ## - CATALOGING SOURCE
Original cataloging agency DPL
Language of cataloging Eng
082 00 - DEWEY DECIMAL CLASSIFICATION NUMBER
Classification number 658.4013
Edition number 23
100 1# - MAIN ENTRY--PERSONAL NAME
Personal name Adams, James L.
9 (RLIN) 52999
245 10 - TITLE STATEMENT
Title Good products, bad products :
Remainder of title essential elements to achieving superior quality /
Statement of responsibility, etc by James L. Adams
260 ## - PUBLICATION, DISTRIBUTION, ETC. (IMPRINT)
Place of publication, distribution, etc New Delhi
Name of publisher, distributor, etc Tata McGraw-Hill
Date of publication, distribution, etc c2012
270 ## - ADDRESS
Address 7, West Patel Nagar
City New Delhi
Postal code 110008
300 ## - PHYSICAL DESCRIPTION
Extent xiv, 255p.
Dimensions 23cm(pbk)
500 ## - GENERAL NOTE
General note Includes bibliographical references and index.
650 #0 - SUBJECT ADDED ENTRY--TOPICAL TERM
Topical term or geographic name as entry element Quality of products.
9 (RLIN) 53000
650 #0 - SUBJECT ADDED ENTRY--TOPICAL TERM
Topical term or geographic name as entry element Manufacturing industries
General subdivision Quality control.
9 (RLIN) 53001
942 ## - ADDED ENTRY ELEMENTS (KOHA)
Source of classification or shelving scheme Dewey Decimal Classification
Item type English Books
Classification part 658.4013
Call number suffix ADA
Holdings
Withdrawn status Lost status Source of classification or shelving scheme Damaged status Not for loan Collection code Home library Current library Date acquired Source of acquisition Cost, normal purchase price Total Checkouts Full call number Barcode Date last seen Copy number Cost, replacement price Koha item type
    Dewey Decimal Classification   Not For Loan Non-fiction D.B.Act.Division D.B.Act.Division 10/10/2012 DBAD/PUB 550.00   658.4013 ADA EN-89588 10/10/2012 1 550.00 English Books

© Delhi Public Library
Hit Counter
free hit counter